[Event "London Classic op U1600 8th"]
[Site "London"]
[Date "2016.12.11"]
[Round "5"]
[White "Skinner, Brian"]
[Black "El Bachir, Eb Yacine"]
[Result "1-0"]
[WhiteElo "1577"]
[BlackElo "1260"]
[PlyCount "103"]
[EventDate "2016.12.09"]
[EventType "swiss"]
[EventRounds "5"]
[EventCountry "ENG"]
[SourceTitle "EXT 2019"]
[Source "ChessBase"]
[SourceDate "2018.10.10"]
[SourceVersion "1"]
[SourceVersionDate "2018.10.10"]
[SourceQuality "1"]

1. e4 e5 2. f4 exf4 3. Nf3 g5 4. Bc4 Nf6 5. Qe2 g4 6. Ng5 d5 7. exd5+ Qe7 8. Qxe7+ Bxe7 9. d6 Bxd6 10. Nxf7 Rf8 11. Nxd6+ cxd6 12. d3 f3 13. gxf3 gxf3 14. Bh6 f2+ 15. Kd1 Bg4+ 16. Kc1 Bf3 17. Rf1 Ng4 18. Bxf8 Kxf8 19. d4 Bg2 20. Nd2 Bxf1 21. Nxf1 Nc6 22. Be2 Re8 23. Kd2 h5 24. c3 b5 25. Bxb5 Rb8 26. Bxc6 Rxb2+ 27. Kd3 h4 28. Bf3 Nh6 29. Ne3 Kf7 30. Rf1 Kg6 31. Nc2 Kg5 32. Rxf2 Nf5 33. Bd1 Rxa2 34. Rg2+ Kf6 35. Bg4 a5 36. Bxf5 Kxf5 37. Ne3+ Kf4 38. Rxa2 Kf3 39. Rxa5 Kf2 40. Ra2+ Kf3 41. c4 Kf4 42. c5 dxc5 43. dxc5 Ke5 44. c6 Kd6 45. Nd5 Kxc6 46. Kd4 Kd6 47. Re2 Kc6 48. Re4 h3 49. Rh4 Kb5 50. Rxh3 Ka4 51. Kc5 Ka5 52. Ra3# 1-0

[Event "London Classic op U1600 8th"]
[Site "London"]
[Date "2016.12.10"]
[Round "2"]
[White "Gee Grant, Aimee"]
[Black "Skinner, Brian"]
[Result "1/2-1/2"]
[WhiteElo "1366"]
[BlackElo "1577"]
[PlyCount "35"]
[EventDate "2016.12.09"]
[EventType "swiss"]
[EventRounds "5"]
[EventCountry "ENG"]
[SourceTitle "EXT 2019"]
[Source "ChessBase"]
[SourceDate "2018.10.10"]
[SourceVersion "1"]
[SourceVersionDate "2018.10.10"]
[SourceQuality "1"]

1. c4 e5 2. g3 d6 3. Bg2 c6 4. d4 Be7 5. e3 Nf6 6. Nc3 0-0 7. Nge2 Nbd7 8. 0-0 Re8 9. b3 Nf8 10. Bb2 Qc7 11. Qd2 Ng6 12. Rad1 a6 13. a4 Rb8 14. Na2 Bd7 15. Rc1 b6 16. b4 Red8 17. b5 cxb5 18. c5 1/2-1/2